<?xml version="1.0" encoding="UTF-8"?>
<record
    xmlns:xsi="http://www.w3.org/2001/XMLSchema-instance"
    xsi:schemaLocation="http://www.loc.gov/MARC21/slim http://www.loc.gov/standards/marcxml/schema/MARC21slim.xsd"
    xmlns="http://www.loc.gov/MARC21/slim">

  <leader>01067nam a22002057a 4500</leader>
  <controlfield tag="003">OSt</controlfield>
  <controlfield tag="005">20250904113912.0</controlfield>
  <controlfield tag="008">250723s2023    ag ||||| |||| 00| 0 spa d</controlfield>
  <datafield tag="020" ind1=" " ind2=" ">
    <subfield code="a">9789509553903</subfield>
  </datafield>
  <datafield tag="040" ind1=" " ind2=" ">
    <subfield code="c">besoc</subfield>
  </datafield>
  <datafield tag="080" ind1=" " ind2=" ">
    <subfield code="0">338.2(82)(091)</subfield>
  </datafield>
  <datafield tag="100" ind1=" " ind2=" ">
    <subfield code="a">Orellano. Luciano</subfield>
    <subfield code="e">autor</subfield>
  </datafield>
  <datafield tag="245" ind1="1" ind2="0">
    <subfield code="a">Cr&#xF3;nicas soberanas :</subfield>
    <subfield code="b">de la patria herida /</subfield>
    <subfield code="c">Luciano Orellano.</subfield>
  </datafield>
  <datafield tag="250" ind1=" " ind2=" ">
    <subfield code="a">1a ed.</subfield>
  </datafield>
  <datafield tag="260" ind1=" " ind2=" ">
    <subfield code="a">Buenos Aires:</subfield>
    <subfield code="b">Agora,</subfield>
    <subfield code="c">2023.</subfield>
  </datafield>
  <datafield tag="300" ind1=" " ind2=" ">
    <subfield code="a">550 p. ;</subfield>
    <subfield code="c">23 cm.</subfield>
  </datafield>
  <datafield tag="505" ind1="0" ind2="0">
    <subfield code="t">Vaca Muerta y la industria petrolera : soberan&#xED;a de un recurso estrat&#xE9;gico /</subfield>
    <subfield code="r">Juan Manuel Ramos y Mario Cambio --</subfield>
    <subfield code="t">Disputa hist&#xF3;rica por la Cuenca del Plata y rearticulaci&#xF3;n de un rpoyecto de soberan&#xED;a regional /</subfield>
    <subfield code="r">Julieta Peppino --</subfield>
    <subfield code="t">Los nombres detr&#xE1;s del humo : las caras del ecocidio /</subfield>
    <subfield code="r">Pablo Payr&#xF3; --</subfield>
    <subfield code="t">Por las Escuelas Navales de Aprendices en la recuperaci&#xF3;n de nuestra soberan&#xED;a nacional /</subfield>
    <subfield code="r">Oscar Ver&#xF3;n --</subfield>
    <subfield code="t">Vicent&#xED;n, una ventana a la soberan&#xED;a perdida /</subfield>
    <subfield code="r">Germ&#xE1;n Mangione.</subfield>
  </datafield>
  <datafield tag="650" ind1=" " ind2="3">
    <subfield code="a">Pol&#xED;tica econ&#xF3;mica</subfield>
    <subfield code="x">Historia</subfield>
    <subfield code="y">Siglo XIX</subfield>
    <subfield code="y">Siglo XX</subfield>
    <subfield code="z">Argentina</subfield>
  </datafield>
  <datafield tag="942" ind1=" " ind2=" ">
    <subfield code="2">udc</subfield>
    <subfield code="c">OG</subfield>
    <subfield code="n">0</subfield>
  </datafield>
  <datafield tag="999" ind1=" " ind2=" ">
    <subfield code="c">536</subfield>
    <subfield code="d">536</subfield>
  </datafield>
  <datafield tag="952" ind1=" " ind2=" ">
    <subfield code="0">0</subfield>
    <subfield code="1">0</subfield>
    <subfield code="2">udc</subfield>
    <subfield code="4">0</subfield>
    <subfield code="7">0</subfield>
    <subfield code="8">CG</subfield>
    <subfield code="a">ESOCIALES</subfield>
    <subfield code="b">ESOCIALES</subfield>
    <subfield code="d">2025-07-23</subfield>
    <subfield code="l">0</subfield>
    <subfield code="p">001290</subfield>
    <subfield code="r">2025-07-23 12:26:27</subfield>
    <subfield code="w">2025-07-23</subfield>
    <subfield code="y">OG</subfield>
  </datafield>
</record>
